Statistics for Rabat–Salé Airport Destinations (Rabat, Morocco)

Click here to take the quiz!

General Stats

  • This quiz has been taken 17 times
  • The average score is 12 of 20

Answer Stats

AirlineDestination% Correct
Royal Air Maroc/TUI fly BelgiumBrussels
100%
Air France/easyJetParis (Charles de Gaulle)
100%
Royal Air Maroc/Transavia/TUI fly BelgiumParis (Orly)
100%
Royal Air Maroc/RyanairMadrid
93%
RyanairBarcelona
86%
Royal Air Maroc/RyanairMarseille
79%
easyJetLyon
71%
RyanairLondon (Stansted)
64%
RyanairToulouse
64%
RyanairRome (Ciampino)
57%
Air ArabiaAgadir
50%
RyanairBordeaux
50%
easyJetNice
43%
RyanairSeville
43%
RyanairBeauvais
36%
RyanairMalaga
36%
easyJetNantes
36%
RyanairCharleroi
29%
easyJetGeneva
29%
RyanairWeeze
14%

Score Distribution

Percentile by Number Answered

Percent of People with Each Score

Your Score History

You have not taken this quiz